Hiistory of psychology (Record no. 176892)
[ view plain ]
| 000 -LEADER | |
|---|---|
| fixed length control field | 00611 a2200157 4500 |
| 003 - CONTROL NUMBER IDENTIFIER | |
| control field | Nust |
| 005 - DATE AND TIME OF LATEST TRANSACTION | |
| control field | 20221205101857.0 |
| 040 ## - CATALOGING SOURCE | |
| Transcribing agency | Nust |
| 082 ## - DEWEY DECIMAL CLASSIFICATION NUMBER | |
| Classification number | 150.9,MIS |
| 100 ## - MAIN ENTRY--PERSONAL NAME | |
| Personal name | Misiak ,henryk |
| 9 (RLIN) | 37027 |
| 245 ## - TITLE STATEMENT | |
| Title | Hiistory of psychology |
| Remainder of title | An overview / |
| Statement of responsibility, etc. | Henry Misak, Virginia Studt Sexton |
| 260 ## - PUBLICATION, DISTRIBUTION, ETC. | |
| Place of publication, distribution, etc. | Islamabad |
| Name of publisher, distributor, etc. | National Book Foundation |
| 300 ## - PHYSICAL DESCRIPTION | |
| Extent | x,499 p.; |
| 505 ## - FORMATTED CONTENTS NOTE | |
| Formatted contents note | Roots of Psychology (Page-1), The Beginning and Growth of Scientific Psychology an Various Countries (Page-77), Theoretical Psychology (Page-315), Bibliography for the History of Psychology (Page-469). |
| 942 ## - ADDED ENTRY ELEMENTS (KOHA) | |
| Source of classification or shelving scheme | |
| Koha item type | Book |
| Call number prefix | 15.9,MIS |
| Withdrawn status | Lost status | Source of classification or shelving scheme | Damaged status | Not for loan | Permanent Location | Current Location | Shelving location | Date acquired | Full call number | Barcode | Date last seen | Price effective from | Koha item type | Public note |
|---|---|---|---|---|---|---|---|---|---|---|---|---|---|---|
| Military College of Signals (MCS) | Military College of Signals (MCS) | General Stacks | 12/12/2016 | 150.9,MIS | MCS34373 | 12/08/2016 | 12/12/2016 | Book | Almirah No.46, Shelf No.3 | |||||
| Military College of Signals (MCS) | Military College of Signals (MCS) | General Stacks | 12/12/2016 | 150.9,MIS | MCS34374 | 12/08/2016 | 12/12/2016 | Book | Almirah No.73, Shelf No.1 |
